000 00672nam a2200241 i 4500
001 146509
003 ES-MaACL
005 20250721062631.0
007 t|
008 070911s1987 sp |||| | spa d
020 _a84-309-1262-2
080 _a33(035.3)
100 1 _aTortella Casares, Gabriel.
_9111078
245 1 0 _aIntroducción a la economía para historiadores /
_cGabriel Tortella Casares.
250 _a2ª ed.
260 _aMadrid :
_bTecnos,
_c1987.
300 _aXV, 192 p. ;
_c24 cm.
490 1 _aSerie Historia
650 0 7 _aEconomía
_2embne
_912006
830 0 _aSerie Historia
_9176514
852 _aES-MaACL
_jC-63
999 _c146509
_d146509